000 00456nam a2200181Ia 4500
008 090124s9999 xx 000 0 und d
082 _b122252
100 _aशिरोडकर रजनी
245 _a नकळत
250 _a1
260 _c1987
300 _a214
600 _aशिरोडकर रजनी
630 _a नकळत
700 _aशिरोडकर रजनी
730 _a नकळत
942 _cBOOK
999 _c168338
_d168338